Statistiken für Zufällige, aufeinanderfolgende europäische Länder auf der Karte

Klicken Sie hier um das Quiz zu spielen!

Allgemein

  • Dieses Quiz wurde 135 mal gespielt
  • Das Durchschnittsergebnis liegt bei 36 aus 45

Antworten auf der Karte

Die Antworten werden auf der Karte rot bzw. grün angezeigt, abhängig davon wie oft sie richtig erraten wurden.
 

Antwortstatistiken

Land% Korrekt
Malta
83%
Schweden
83%
Schweiz
83%
Bosnien und Herzegowina
82%
Bulgarien
82%
Deutschland
82%
Griechenland
82%
Irland
82%
Luxemburg
82%
Portugal
82%
Rumänien
82%
Ukraine
82%
Vatikanstadt
82%
Vereinigtes Königreich
82%
Albanien
80%
Belarus
80%
Dänemark
80%
Finnland
80%
Island
80%
Lettland
80%
Monaco
80%
Nordmazedonien
80%
Norwegen
80%
Polen
80%
Russland
80%
Andorra
79%
Belgien
79%
Italien
79%
Kroatien
79%
Liechtenstein
79%
Moldawien
79%
Montenegro
79%
Niederlande
79%
Österreich
79%
Serbien
79%
Slowakei
79%
Spanien
79%
Tschechien
79%
Ungarn
79%
Estland
78%
Kosovo
78%
Litauen
78%
San Marino
78%
Slowenien
78%
Frankreich
76%

Verteilung der Resultate

Perzentil nach korrekt beantworteten Fragen

Anzahl Personen mit jedem Resultat

Ihre Resultats-Entwicklung

Sie haben dieses Quiz noch nicht gespielt